[Event "Dortmund op-A"]
[Site "Dortmund"]
[Date "1992.??.??"]
[Round "8"]
[White "Stangl, Markus"]
[Black "Galliamova, Alisa"]
[Result "1-0"]
[WhiteElo "2465"]
[BlackElo "2410"]

1.c4 e5 2.g3 g6 3.d4 exd4 4.Qxd4 Qf6 5.Qe3+ Qe6 6.Nc3 Bg7 7.Nf3 Ne7 8.Qf4 Na6
9.Bg2 h6 10.h4 O-O 11.Be3 Nf5 12.Bd2 Nd6 13.b3 Re8 14.O-O Rb8 15.Rad1 c6
16.Rfe1 b6 17.e4 Nc5 18.Re3 Bb7 19.e5 Nf5 20.Bh3 d6 21.Rde1 dxe5 22.Nxe5 Qd6
23.Bxf5 Qxd2 24.Nf3 Qxe1+ 25.Nxe1 gxf5 26.Nd1 Rbd8 27.Rxe8+ Rxe8 28.Ne3 Bc8
29.b4 Ne4 30.Nd3 Nd2 31.Nxf5 Bxf5 32.Qxf5 Nxc4 33.Qd7 Re2 34.Qxc6 Ne5 35.Qe8+ Kh7
36.Nxe5 Rxe5 37.Qxf7 a5 38.bxa5 bxa5 39.h5 Re1+ 40.Kg2 Re5 41.f4 Rc5 42.Kf3  1-0

[Event "Dortmund op-A"]
[Site "Dortmund"]
[Date "1992.??.??"]
[Round "9"]
[White "Kern, Guido"]
[Black "Moutousis, Konstantinos"]
[Result "0-1"]
[WhiteElo "2280"]
[BlackElo "2405"]

1.c4 e5 2.g3 Nc6 3.Bg2 Nf6 4.Nc3 Bc5 5.e3 a6 6.Nf3 d6 7.d4 Bb4 8.Qc2 O-O
9.O-O Bxc3 10.Qxc3 e4 11.Nd2 Re8 12.d5 Nb8 13.b4 Bf5 14.Bb2 Nbd7 15.f3 exf3
16.Nxf3 Qe7 17.Rae1 Qf8 18.Nd4 Bg6 19.Nf5 Bxf5 20.Rxf5 Re5 21.Rxe5 Nxe5 22.c5 Re8
23.Qc2 Qe7 24.Bd4 h5 25.h3 Nh7 26.Kh2 Ng5 27.Rf1 g6 28.e4 Nh7 29.a4 h4 30.g4 Ng5
31.Kh1 Kg7 32.Qc3 f6 33.Rc1 Rd8 34.b5 axb5 35.axb5 Ngf7 36.b6 c6 37.cxd6 Qxd6
38.g5 fxg5 39.Rf1 Kg8 40.Rxf7 Nxf7 41.e5 Qf8 42.e6 Nd6 43.Bf6 Re8 44.dxc6 Nf5
45.c7 Kh7 46.e7 Qg8 47.Bxb7 Qa2 48.Bg2 Qf2 49.Be5 Ne3 50.Qc6 Qe1+ 51.Kh2 g4
52.hxg4 Nxg4+ 53.Kh3 Nxe5  0-1

[Event "Dortmund op-A"]
[Site "Dortmund"]
[Date "1992.??.??"]
[Round "10"]
[White "Bischoff, Klaus"]
[Black "Mainka, Romuald"]
[Result "1-0"]
[WhiteElo "2495"]
[BlackElo "2455"]

1.c4 e5 2.g3 d6 3.Bg2 g6 4.d4 Nd7 5.Nc3 Bg7 6.e3 Ngf6 7.Nge2 O-O 8.b3 Re8
9.h3 h5 10.a4 c6 11.a5 Qc7 12.O-O e4 13.Qc2 Nf8 14.Nxe4 Nxe4 15.Bxe4 Bxh3
16.Bg2 Qd7 17.Bxh3 Qxh3 18.Nf4 Qd7 19.Ra2 Nh7 20.Qd1 Ng5 21.Kg2 d5 22.Rh1 Rad8
23.Rc2 dxc4 24.bxc4 Qf5 25.Qd3 Qxa5 26.Nxh5 Bh8 27.Nf4 Bg7 28.Bd2 Qc7 29.Ra2 a6
30.Qb1 Qd7 31.Bb4 Ne4 32.c5 Bf6 33.Ba5 Rb8 34.Qb3 Kg7 35.Raa1 Rh8 36.Qd3 Rhe8
37.Qb3 Bg5 38.Nd3 Bf6 39.Raf1 Rbc8 40.Be1 Ng5 41.Nf4 Rb8 42.Ba5 Rh8 43.f3 Rbe8
44.Rxh8 Rxh8 45.g4 Qe8 46.Be1 Qd7 47.Bg3 Re8 48.Bf2 Bd8 49.Rh1 Bc7 50.Bg3 Qe7
51.Re1 Qf6 52.Qxb7 Rxe3 53.Qxc7 Rxe1 54.Bxe1 Qxd4 55.Bf2 Qd2 56.Qd6  1-0

[Event "Dubai Asian Cities"]
[Site "Dubai"]
[Date "1992.??.??"]
[Round "6"]
[White "Koshy, Varugeese"]
[Black "Barcenilla, Rogelio"]
[Result "1/2-1/2"]
[WhiteElo "2335"]
[BlackElo "2475"]

1.c4 e5 2.g3 Nc6 3.Bg2 g6 4.Nc3 Bg7 5.e4 d6 6.d3 Nge7 7.Nge2 O-O 8.O-O Be6
9.Rb1 Qd7 10.Nd5 f5 11.Be3 Nd8 12.d4 fxe4 13.Nxe7+ Qxe7 14.d5 Bg4 15.Qd2 a5
16.Nc3 b6 17.b3 Nb7 18.a3 Nc5 19.b4 axb4 20.axb4 Nd7 21.Nxe4 Nf6 22.Ra1 Nxe4
23.Bxe4 Bf5 24.Qc2 Qd7 25.c5 bxc5 26.bxc5 Bxe4 27.Qxe4 Qf5 28.Qc4 e4 29.Rxa8 Rxa8
30.cxd6 cxd6 31.Qc6 Ra5 32.Qxd6 Rxd5 33.Qb8+ Kf7 34.Rb1 Bf8 35.Qf4 Qxf4 36.Bxf4 h5
37.Be3 Bd6 38.h3 Ke6 39.Kf1 Rd3 40.Ke2 Ra3 41.Rb6 Ra2+  1/2-1/2

[Event "Fister"]
[Site "Fister"]
[Date "1992.??.??"]
[Round "14"]
[White "Lauvsnes, Arild"]
[Black "Harestad, Thor Geir"]
[Result "1-0"]
[WhiteElo "2270"]
[BlackElo "2275"]

1.c4 e5 2.g3 g6 3.Bg2 Bg7 4.Nc3 Ne7 5.Nf3 O-O 6.d4 exd4 7.Nxd4 Nbc6 8.Nc2 d6
9.O-O Be6 10.Ne3 Qd7 11.Ned5 Ne5 12.Nxe7+ Qxe7 13.Nd5 Qd7 14.Qc2 c6 15.Ne3 f5
16.Rd1 Rad8 17.f4 Nf7 18.Rb1 g5 19.b3 Qe7 20.Bb2 Bxb2 21.Qxb2 h5 22.Rd3 Kh7
23.Rf1 g4 24.Rfd1 h4 25.gxh4 Qxh4 26.Nf1 Qh6 27.Ng3 Rde8 28.e4 Qg6 29.Re1 Bc8
30.Rde3 Qg7 31.Qxg7+ Kxg7 32.exf5 Rxe3 33.Rxe3 Nh6 34.Re7+ Rf7 35.Nh5+ Kf8
36.Rxf7+ Kxf7 37.f6 Ng8 38.Kf2 Kg6 39.Be4+ Kxh5 40.f7  1-0

[Event "FRA-chT"]
[Site "?"]
[Date "1992.??.??"]
[Round "?"]
[White "Peyrat, Olivier"]
[Black "Kesmaecker, Philippe"]
[Result "1-0"]
[WhiteElo "2230"]
[BlackElo "2345"]

1.c4 e5 2.g3 Nf6 3.Bg2 c6 4.Nf3 e4 5.Nd4 d5 6.cxd5 cxd5 7.O-O Bc5 8.Nb3 Bb6
9.d3 Bf5 10.dxe4 dxe4 11.Qxd8+ Bxd8 12.Nc3 Nbd7 13.Nb5 O-O 14.Nd6 Bg6 15.Nxb7 Bb6
16.Nd6 Nc5 17.Nxc5 Bxc5 18.Bf4 Bd4 19.Rab1 Rad8 20.e3 Bb6 21.Nc4 Rd3 22.Nxb6 axb6
23.Rfc1 h6 24.Be5 Nd7 25.Bd4 Ra8 26.a3 Rd2 27.Bc3 Rd6 28.Rd1 Rxd1+ 29.Rxd1 Nc5
30.Bf1 Bh5 31.Rd2 Bf3 32.Bg2 Bh5 33.h3 Rc8 34.g4 Bg6 35.Kh2 h5 36.Kg3 hxg4
37.hxg4 Nd3 38.Bf1 f5 39.f4 fxg4 40.Kxg4 Rc5 41.Rh2 Bf5+ 42.Kh4 Kf7 43.Rg2 g6
44.Be2 Rd5 45.Kg3 Ke6 46.Rh2 Rd7 47.Bd4 b5 48.Bd1 Kd6 49.Rh8 Rc7 50.Bc3 Kc5
51.Kh4 Kc4 52.Kg5 Nc1 53.Rd8 Rg7 54.Rd4+ Kc5 55.Bg4 Rf7 56.Bxf5 gxf5 57.Kg6 Rf8
58.Bb4+  1-0

[Event "Arnold Cup"]
[Site "Gausdal"]
[Date "1992.??.??"]
[Round "1"]
[White "Wegner, Hannu"]
[Black "Bellin, Jana"]
[Result "1-0"]
[WhiteElo "2365"]
[BlackElo "2205"]

1.c4 e5 2.g3 Nc6 3.Bg2 g6 4.Nc3 Bg7 5.e3 d6 6.Nge2 Be6 7.Nd5 Nce7 8.d4 c6
9.Nxe7 Nxe7 10.d5 Bg4 11.h3 Bc8 12.e4 c5 13.b4 O-O 14.bxc5 Qa5+ 15.Bd2 Qxc5
16.Qb3 b6 17.Nc3 Ba6 18.Nb5 Bxb5 19.cxb5 a6 20.bxa6 Rxa6 21.O-O Rfa8 22.Rfc1 Ra3
23.Bb4 Rxb3 24.Bxc5 Rb2 25.Bxd6 Nc8 26.Bc7 Bf8 27.Bxe5 Rd2 28.Bf4 Re2 29.Bf3 Rb2
30.e5 Bc5 31.Be3 Ra3 32.Bxc5 bxc5 33.Bg2 Nb6 34.Rxc5 Re2 35.Rc6 Nd7 36.Rc8+ Kg7
37.e6 fxe6 38.Rc7  1-0

[Event "Peer Gynt"]
[Site "Gausdal"]
[Date "1992.??.??"]
[Round "9"]
[White "Christensen, Tobias"]
[Black "Bjerke, Richard"]
[Result "1-0"]
[WhiteElo "2365"]
[BlackElo "2285"]

1.c4 e5 2.g3 Nf6 3.Nc3 Bb4 4.Qb3 a5 5.Bg2 Nc6 6.e3 O-O 7.Nge2 Re8 8.d3 b6
9.O-O Bb7 10.a3 Bf8 11.Qc2 g6 12.Rb1 Qc8 13.e4 Qd8 14.Bg5 Be7 15.Bd2 Bc5
16.Bg5 Be7 17.Kh1 d6 18.b4 axb4 19.axb4 Nd7 20.Be3 Bg5 21.f4 Bh6 22.Nd5 exf4
23.gxf4 Ne7 24.f5 Bg7 25.fxg6 Nxg6 26.Ndf4 Qh4 27.Ng3 Nxf4 28.Rxf4 Qd8 29.Nf5 Ne5
30.Rg1 Ng6 31.Rf2 Bf8 32.Bf3 c5 33.Qb2 cxb4 34.Nh6+ Bxh6 35.Bxh6 Re5 36.Bf4 Rea5
37.Bh6 Re5 38.Bf4 Rea5 39.Qxb4 Ra3 40.Be2 f5 41.Bg5 Qd7 42.Rfg2 Ra1 43.Bf6 Rxg1+
44.Kxg1 Qc6 45.Qd2 d5 46.Bd4 Re8 47.Qh6 Re7 48.cxd5 Qd6 49.Bh5 Qb4 50.Rxg6+ hxg6
51.Qxg6+ Kf8 52.Qh6+  1-0

[Event "Oberliga Nord N9192"]
[Site "Germany"]
[Date "1992.??.??"]
[Round "?"]
[White "Krause, Ullrich"]
[Black "Fette, Martin"]
[Result "1/2-1/2"]
[WhiteElo "2335"]
[BlackElo "2390"]

1.g3 e5 2.c4 Nf6 3.Bg2 d5 4.cxd5 Nxd5 5.Nc3 Nb6 6.Nf3 Nc6 7.O-O Be7 8.a3 O-O
9.b4 Be6 10.Rb1 f6 11.d3 Qd7 12.Ne4 Nd5 13.Qc2 Rfd8 14.Bb2 a6 15.Rbc1 Bh3
16.Nc5 Bxc5 17.Qxc5 Bxg2 18.Kxg2 Kh8 19.h3 Nb6 20.Qc2 Qe6 21.Nd2 Rac8 22.Qb3 Qe7
23.Ne4 Nd4 24.Bxd4 exd4 25.Nc5 c6 26.Qe6 Re8 27.Qxe7 Rxe7 28.Kf3 Kg8 29.a4 Rd8
30.a5 Nd5 31.Rc4 Nc3 32.e4 Nb5 33.g4 Kf7 34.Kg3 Ke8 35.f4 Rd6 36.h4 Rd8 37.f5 Nd6
38.Rc2 Nf7 39.Kf4 Ne5 40.Rg2 Rb8 41.g5 Kf7 42.Rb1 b6 43.axb6 Rxb6 44.Ra2 Ra7
45.h5 a5 46.Ra4 Ke7 47.Rba1 Kd6 48.Rxa5 Rxa5 49.Rxa5 Rxb4 50.h6 fxg5+ 51.Kxg5 gxh6+
52.Kf6 h5 53.Na6 Nd7+ 54.Kg5 Rb3 55.Kf4 c5 56.f6 Rxd3 57.f7 Rd1 58.e5+ Ke7
59.Nxc5 Nxc5 60.Rxc5 Kxf7 61.Rc7+ Kg8 62.Rc8+ Kf7 63.Rc7+ Ke6 64.Ke4 d3 65.Rxh7 Re1+
66.Kxd3 Rxe5 67.Kd4  1/2-1/2

[Event "Oberliga Nord N9192"]
[Site "Germany"]
[Date "1992.??.??"]
[Round "?"]
[White "Weyrich, Morten"]
[Black "Mach, Holger"]
[Result "1-0"]
[WhiteElo "2370"]
[BlackElo "2250"]

1.c4 e5 2.g3 g6 3.Bg2 Bg7 4.Nc3 d6 5.b4 a5 6.b5 f5 7.Ba3 Nd7 8.Na4 e4 9.Rc1 Ne7
10.Nh3 O-O 11.Nf4 Nf6 12.h4 Re8 13.Qb3 c5 14.bxc6 bxc6 15.Bxd6 Kh8 16.Ba3 Neg8
17.Qb6 Ng4 18.Qxd8 Rxd8 19.d3 N8f6 20.O-O Kg8 21.Rfd1 Re8 22.e3 Kf7 23.d4 h6
24.Bf1 g5 25.Ng2 Nh5 26.Nb6 Rb8 27.Nxc8 Rbxc8 28.Be2 Nhf6 29.Rb1 Rc7 30.Bd6 Rd7
31.c5 Bf8 32.Bc4+ Kg7 33.Bxf8+ Kxf8 34.Rb6 Ne5 35.Be2 Nf3+ 36.Bxf3 exf3 37.Rxc6 Nd5
38.Rxh6 fxg2 39.hxg5 Rb7 40.Rd2 Kg7 41.Kxg2 Rb1 42.c6 a4 43.Rd6 Nb6 44.Rc2 Rc8
45.c7 a3 46.Rcc6 Na8 47.Rd7+  1-0

[Event "NRW-Liga I 9192"]
[Site "Germany"]
[Date "1992.??.??"]
[Round "?"]
[White "Rosen, Bernd"]
[Black "Arkhipov, Sergey"]
[Result "1/2-1/2"]
[WhiteElo "2295"]
[BlackElo "2515"]

1.c4 e5 2.g3 g6 3.Bg2 Bg7 4.Nc3 Ne7 5.e4 d6 6.Nge2 O-O 7.O-O c5 8.d3 Nbc6
9.Nd5 Nxd5 10.cxd5 Ne7 11.Be3 Qa5 12.a3 b6 13.Qb1 Bd7 14.b4 Qa6 15.a4 Rfb8
16.Rc1 Qc8 17.Qc2 Qe8 18.a5 cxb4 19.axb6 axb6 20.Rxa8 Rxa8 21.Rb1 Qc8 22.Qxc8+ Nxc8
23.Rxb4 Ra1+ 24.Nc1 b5 25.Rb2 Bf6 26.Bf1 Kf8 27.Kg2 Ke8 28.Nb3 Ra3 29.Nd2 Ra8
30.h4 Rb8 31.Nc4 Ra8 32.Nd2 Ra5 33.Nf3 Ra4 34.Kh2 Ra8 35.Bh3 Rb8 36.Bxd7+ Kxd7
37.Ne1 Bd8 38.Nc2 f5 39.Nb4 Rb7 40.Nc6 Ne7 41.Bg5 Ke8 42.Bxe7 Bxe7 43.Kg2 Kd7
44.Kf3 Bf6 45.Ke2 Kc7 46.Kd2 Kb6 47.Kc3 fxe4 48.dxe4 g5 49.hxg5 Bxg5 50.Ra2 Rf7
51.Nb4 Rf3+ 52.Nd3 Rf8 53.Nb4 Kb7 54.Rc2 Bd8 55.Nd3 Ba5+ 56.Kb2 Rf3 57.Nc1 Bb6
58.Rc6 Rxf2+ 59.Kc3 Ba5+ 60.Kb3 Rf3+ 61.Kc2 Bb4 62.Nd3 Bc5 63.Nxc5+ dxc5
64.Rxc5 Rxg3 65.Rxb5+ Kc7 66.Rc5+ Kd7 67.Kd2 h5 68.Rc6 h4 69.Rh6 Rg4 70.Ke3 Rg3+
71.Kf2 Rg4 72.Kf3 Rg3+ 73.Ke2 Rg4 74.Kd3 Rg3+ 75.Kc4 h3 76.Rh5 Kd6  1/2-1/2

[Event "BL2-W9192"]
[Site "Germany"]
[Date "1992.??.??"]
[Round "?"]
[White "Libeau, Rene"]
[Black "Holzke, Frank"]
[Result "1/2-1/2"]
[WhiteElo "2390"]
[BlackElo "2395"]

1.c4 e5 2.g3 Nc6 3.Bg2 g6 4.Nc3 Bg7 5.e4 d6 6.d3 Nge7 7.Nge2 O-O 8.O-O Be6
9.Be3 Qd7 10.Qd2 f5 11.b3 Nd4 12.Bxd4 exd4 13.Nd5 c6 14.Nxe7+ Qxe7 15.Rae1 Qf7
16.f4 Rfe8 17.Kh1 a5 18.Ng1 a4 19.Nf3 axb3 20.axb3 Qc7 21.e5 dxe5 22.Nxe5 Qb6
23.b4 Ra4 24.Rb1 Rea8 25.Qe2 Ra2 26.Qf3 Rd2 27.b5 Bxe5 28.fxe5 Raa2 29.bxc6 Qxc6
30.Rxb7 Qxf3 31.Bxf3 Rxh2+ 32.Kg1 Rh3 33.Re7 Rxg3+ 34.Kh1 Rh3+  1/2-1/2

[Event "BL2-S9192"]
[Site "Germany"]
[Date "1992.??.??"]
[Round "?"]
[White "Sandmeier, Toni"]
[Black "Stobik, Dietrich"]
[Result "1/2-1/2"]
[WhiteElo "2240"]
[BlackElo "2310"]

1.c4 e5 2.g3 g6 3.Bg2 Bg7 4.Nc3 Nc6 5.e3 Nge7 6.Nge2 d6 7.O-O O-O 8.d3 Be6
9.Nd5 Qd7 10.Bd2 Rae8 11.Bc3 Nd8 12.Rc1 c6 13.Nxe7+ Rxe7 14.Qd2 Bh3 15.d4 Bxg2
16.Kxg2 Ne6 17.h4 f5 18.dxe5 dxe5 19.Rfd1 Qc7 20.Qd6 f4 21.Ng1 fxe3 22.fxe3 Qxd6
23.Rxd6 Nc5 24.Nh3 Ne4 25.Rdd1 Bh6 26.Rd3 Nc5 27.Rd6 Bxe3 28.Re1 Ne4 29.Rd3 Nxc3
30.Rdxe3 Na4 31.b3 Nb6 32.Rxe5 Rxe5 33.Rxe5 Rd8 34.Ng5 Rd2+ 35.Kf3 h6 36.Ne4 Rxa2
37.Re7 Ra3 38.Rxb7 Rxb3+ 39.Kg4 Re3 40.Kf4 Rb3  1/2-1/2

[Event "BL2-S9192"]
[Site "Germany"]
[Date "1992.??.??"]
[Round "?"]
[White "Hoensch, Matthias"]
[Black "Fritsch, Rolf"]
[Result "0-1"]
[WhiteElo "2310"]
[BlackElo "2220"]

1.c4 e5 2.g3 g6 3.Bg2 Bg7 4.Nc3 Nc6 5.d3 Nf6 6.e4 O-O 7.Nge2 d6 8.O-O Nd4
9.f4 c5 10.h3 Ne8 11.Nd5 f5 12.Rb1 Nc7 13.Nxc7 Qxc7 14.Nc3 fxe4 15.dxe4 Be6
16.Nd5 Qd7 17.Kh2 b5 18.b3 Rab8 19.Be3 bxc4 20.bxc4 Bxd5 21.exd5 Rxb1 22.Qxb1 Nf5
23.Bd2 Qa4 24.Rc1 Bh6 25.Be4 exf4 26.Bxf4 Bxf4 27.gxf4 Qa3 28.Bxf5 Rxf5 29.Rf1 Kg7
30.Qb3 Qa5 31.Qb2+ Kh6 32.Rf3 Qe1 33.Qf2 Qe4 34.Qf1 Rf7 35.Kg3 Qc2 36.Rf2 Qe4
37.Qe2 Re7 38.Qxe4 Rxe4 39.f5 gxf5 40.Rxf5 Kg6 41.Rf4 Re2 42.Rg4+ Kf5 43.Rh4 Rxa2
44.Rxh7 Ra3+ 45.Kf2 Ke4 46.Rd7 Rxh3 47.Rxd6 Kd4 48.Ra6 Kxc4 49.Rxa7 Rd3 50.Ra1 Kb3
51.Rb1+ Kc2 52.Rb5 Rxd5 53.Ke3 Rd3+ 54.Ke2 c4 55.Ra5 Rd2+ 56.Ke1 c3 57.Ra2+ Kc1
58.Ra1+ Kb2 59.Ra8 Rd6 60.Rb8+ Kc2 61.Re8 Rb6 62.Rc8 Re6+ 63.Kf2 Re7 64.Rc6 Kd2
65.Rd6+ Kc1 66.Rb6 c2 67.Rb8 Re5 68.Rb7 Kd2 69.Rd7+ Kc3 70.Rc7+ Kd3 71.Rc8 Re4
72.Rd8+ Rd4 73.Rc8 Kd2  0-1

[Event "BL2-O9192"]
[Site "Germany"]
[Date "1992.??.??"]
[Round "?"]
[White "Mandl, Robert"]
[Black "Cabrilo, Goran"]
[Result "1-0"]
[WhiteElo "2415"]
[BlackElo "2520"]

1.c4 e5 2.g3 d6 3.Bg2 f5 4.Nc3 Nf6 5.e3 g6 6.Nge2 Bg7 7.d4 e4 8.b3 O-O 9.h3 c6
10.d5 c5 11.Bb2 Nbd7 12.Nb5 Qb6 13.a4 Ne5 14.a5 Qd8 15.Bxe5 dxe5 16.d6 Bd7
17.Nc7 Rc8 18.O-O Rf7 19.b4 Ne8 20.a6 Nxc7 21.dxc7 Qxc7 22.axb7 Qxb7 23.b5 Be6
24.Qc2 Rff8 25.Ra6 Qf7 26.Rc1 Rc7 27.Bf1 Bc8 28.Rd6 f4 29.exf4 exf4 30.gxf4 Qe7
31.Qd2 Bd4 32.Rxd4 cxd4 33.Qxd4 Rd7 34.Qe5 Qxe5 35.fxe5 Re8 36.Nc3 Rxe5 37.Nd5 Rf7
38.Rc2 Be6 39.Ne3 Rg5+ 40.Kh2 Rc5 41.Bg2 Re5 42.Rd2 Kg7 43.Kg3 Rg5+ 44.Kh2 Rc5
45.Rc2 Rfc7 46.Bxe4 Bxc4 47.Bc6 R5xc6 48.bxc6 Bb5 49.Rd2 Bxc6 50.Rc2 Rc8
51.Ra2 Ra8 52.Rc2 Rc8 53.Ra2 Rc7 54.Rc2 Kf7 55.Rc5 Ke6 56.Kg3 Kd7 57.h4 Rb7
58.h5 Rb5 59.Rxb5 Bxb5 60.hxg6 hxg6 61.Kf4 Kd6 62.Ng4 a5 63.Ke3 Kd5 64.Kd2 Ke4
65.Nf6+ Kf3 66.Nh7 Kxf2 67.Nf8 g5 68.Nh7 g4 69.Nf6  1-0

[Event "Goch op"]
[Site "Goch"]
[Date "1992.??.??"]
[Round "7"]
[White "Miezis, Normunds"]
[Black "Dobosz, Henryk"]
[Result "1/2-1/2"]
[WhiteElo "2360"]
[BlackElo "2420"]

1.c4 e5 2.g3 g6 3.Bg2 Bg7 4.Nc3 Nc6 5.d3 d6 6.Nd5 Nd4 7.e3 Nf5 8.Ne2 c6 9.Ndc3 Nge7
10.f4 h5 11.e4 Nd4 12.h3 f5 13.Be3 h4 14.gxh4 Bf6 15.O-O Rh5 16.Qd2 Rh7  1/2-1/2

[Event "Ikaria op"]
[Site "GRE"]
[Date "1992.??.??"]
[Round "?"]
[White "Shahtahtinsky, Alekper"]
[Black "Pandavos, Emanouel"]
[Result "1-0"]
[WhiteElo "2355"]
[BlackElo "2345"]

1.c4 e5 2.g3 Nc6 3.Bg2 g6 4.a3 a5 5.Nc3 Bg7 6.d3 d6 7.e4 Nge7 8.Nge2 O-O
9.O-O Be6 10.Nd5 Nd4 11.Nxd4 exd4 12.b3 c6 13.Nf4 Bd7 14.Bd2 Qc7 15.Ra2 Rfb8
16.Qc2 b5 17.Bh3 bxc4 18.bxc4 Bxh3 19.Nxh3 Qb6 20.Bf4 c5 21.Raa1 Be5 22.Rfb1 Qc7
23.Bd2 a4 24.Ra2 Kg7 25.Rab2 Rxb2 26.Qxb2 h6 27.Qb7 Qxb7 28.Rxb7 Nc8 29.f3 Bf6
30.Nf4 g5 31.Nd5 Bd8 32.Kf2 Ba5 33.Bxa5 Rxa5 34.Rb8 Na7 35.Nc7 Kf6 36.f4 gxf4
37.gxf4  1-0

[Event "Groningen op"]
[Site "Groningen"]
[Date "1992.??.??"]
[Round "1"]
[White "Troyke, Christian"]
[Black "Dvoirys, Semen I"]
[Result "0-1"]
[WhiteElo "2340"]
[BlackElo "2570"]

1.g3 e5 2.c4 Nc6 3.Bg2 g6 4.Nc3 Bg7 5.Rb1 a5 6.a3 Nf6 7.Nf3 O-O 8.d3 d6 9.O-O Bd7
10.b4 axb4 11.axb4 Qc8 12.b5 Nd8 13.Bg5 Ne6 14.Bxf6 Bxf6 15.Nd5 Bd8 16.d4 e4
17.Nd2 f5 18.e3 Rf7 19.Qc2 Be8 20.f3 exf3 21.Bxf3 Ra5 22.Nb3 Ra7 23.Nf4 c6
24.bxc6 bxc6 25.Rfe1 Ng5 26.Bg2 Rfe7 27.e4 fxe4 28.Bxe4 Nxe4 29.Rxe4 g5 30.Rxe7 Rxe7
31.Nd3 Bg6 32.Nbc1 Re1+  0-1

[Event "Groningen op"]
[Site "Groningen"]
[Date "1992.??.??"]
[Round "6"]
[White "Lalic, Bogdan"]
[Black "De Boer, Gert Jan"]
[Result "1/2-1/2"]
[WhiteElo "2505"]
[BlackElo "2430"]

1.c4 e5 2.g3 Nf6 3.Bg2 d5 4.cxd5 Nxd5 5.Nf3 Nc6 6.O-O Nb6 7.d3 Be7 8.Nbd2 O-O
9.a3 a5 10.b3 Re8 11.Bb2 Bf8 12.Qc2 Bg4 13.e3 Qd7 14.d4 exd4 15.Nxd4 Nxd4
16.Bxd4 c5 17.Bb2 a4 18.Rfb1 axb3 19.Qxb3 Na4 20.Bc1 Rab8 21.Bf1 Be6 22.Bb5 Bxb3
23.Bxd7 Red8 24.Bc6 bxc6 25.Rxb3 Rxb3 26.Nxb3 Rd1+ 27.Kg2 c4 28.Nd4 c3 29.Kf3 c5
30.Nc2 c4 31.e4 f6  1/2-1/2

[Event "Hafnarfirdi"]
[Site "Hafnarfirdi"]
[Date "1992.??.??"]
[Round "1"]
[White "Karlsson, Agust S"]
[Black "Jonsson, Bjorgvin"]
[Result "1/2-1/2"]
[WhiteElo "2275"]
[BlackElo "2420"]

1.c4 e5 2.g3 Nf6 3.Bg2 c6 4.d4 exd4 5.Qxd4 d5 6.Nc3 Be6 7.cxd5 cxd5 8.Nf3 Nc6
9.Qa4 Bc5 10.O-O O-O 11.Qb5 Qb6 12.Qxb6 axb6 13.Ng5 Bg4 14.h3 Bc8 15.Nxd5 Nxd5
16.Bxd5 Nb4 17.Bb3 h6 18.Ne4 Bxh3 19.Rd1 Be6 20.Bxe6 fxe6 21.a3 Nd5 22.Nxc5 bxc5
23.Bd2 Rfd8 24.Be1 Ne7 25.Bc3 Nc6 26.e3 Kf7 27.Kf1 b5 28.Ke2 c4 29.g4 e5
30.f3 Ke6 31.f4 g6 32.Rh1 Rh8 33.Rad1 Ra7 34.Rd2 h5 35.Rhd1 Rc7 36.Rd6+ Kf7
37.fxe5 Rh7 38.e6+ Ke7 39.Rd7+ Ke8 40.gxh5 gxh5 41.R7d6 Rh6 42.e4 h4 43.Rg1 h3
44.Rdd1 Rch7 45.Rd6 h2 46.Rh1 Nd8 47.Rb6 Rxe6 48.Rxb5 Rxe4+ 49.Kf3  1/2-1/2

[Event "Hamburg-ch"]
[Site "Hamburg"]
[Date "1992.??.??"]
[Round "4"]
[White "Reddmann, Hauke"]
[Black "Maahs, Erich"]
[Result "1-0"]
[WhiteElo "2305"]
[BlackElo "2265"]

1.c4 e5 2.g3 Bc5 3.Nc3 d6 4.Bg2 c6 5.Nf3 Be6 6.b3 Nf6 7.O-O O-O 8.Bb2 Qd7
9.d4 exd4 10.Nxd4 Bh3 11.Qd3 Bxg2 12.Kxg2 Bxd4 13.Qxd4 c5 14.Qd3 Nc6 15.Rad1 Rfd8
16.e4 Qe6 17.f3 Ne5 18.Qe3 Rd7 19.Nd5 Rad8 20.Rf2 Nxd5 21.Rxd5 f6 22.Rfd2 Nc6
23.Bc3 Ne7 24.R5d3 b6 25.h4 Re8 26.g4 f5 27.exf5 Qxe3 28.Rxe3 Kf7 29.Red3 Nc8
30.Kf2 Rde7 31.Rc2 a6 32.a4 b5 33.axb5 axb5 34.cxb5 Rb7 35.Bd2 Rxb5 36.Bf4 Rd8
37.Rcd2 Rb6 38.Kg3 Rd7 39.Rc2 Rb5 40.b4 Rxb4 41.Rxc5 Rb8 42.Rc6 Ke7 43.Re3+ Kf7
44.Rec3 Rd8 45.Rc7+ Kf8 46.f6 Nb6 47.Rd3 gxf6 48.Rxh7 Nc4 49.Rc7 Rb4 50.Rd4 d5
51.Rc5 Ke7 52.Rcxd5 Rxd5 53.Rxd5 Rb3 54.Rd4 Ne5 55.Bxe5 fxe5 56.Ra4 Ke6 57.h5 Kf6
58.Ra6+ Kf7 59.Kf2 Rc3 60.h6 Rc1 61.g5 Rh1 62.g6+ Ke7 63.g7  1-0

[Event "Hamburg-ch"]
[Site "Hamburg"]
[Date "1992.??.??"]
[Round "4"]
[White "Kunsztowicz, Uwe"]
[Black "Kreutzkamp, Reinhold"]
[Result "1-0"]
[WhiteElo "2330"]
[BlackElo "2250"]

1.g3 e5 2.c4 Nc6 3.Bg2 d6 4.Nc3 g6 5.Rb1 a5 6.a3 Bg7 7.b4 axb4 8.axb4 f5
9.b5 Nce7 10.Bb2 Nf6 11.Qb3 O-O 12.Nf3 h6 13.O-O Kh7 14.Ra1 Rxa1 15.Rxa1 g5
16.c5 e4 17.cxd6 cxd6 18.Nd4 d5 19.Ra8 Rf7 20.Ba3 Ng4 21.e3 Bxd4 22.exd4 Nf6
23.Bb4 Kg7 24.Qa3 Nfg8 25.Bd6 Qd7 26.Bh3 Qe6 27.Na4 Ng6 28.Qc5 Bd7 29.Nb6 Bxb5
30.Nxd5 Ba6 31.Nc7 Qb3 32.Nxa6 Qd1+ 33.Bf1 f4 34.Be5+ Nxe5 35.Qxe5+ Nf6 36.Nc5 fxg3
37.hxg3 Qf3 38.Ra1  1-0

[Event "FIN-ch"]
[Site "Helsinki"]
[Date "1992.??.??"]
[Round "2"]
[White "Rantanen, Yrjo A"]
[Black "Ebeling, Mika"]
[Result "1/2-1/2"]
[WhiteElo "2410"]
[BlackElo "2345"]

1.c4 e5 2.g3 Nf6 3.Bg2 Bc5 4.Nc3 O-O 5.e3 Re8 6.Nge2 Nc6 7.d3 d6 8.O-O Bf5
9.d4 exd4 10.Nxd4 Bxd4 11.exd4 Qd7 12.Qb3 Bh3 13.d5 Bxg2 14.Kxg2 Ne5 15.Qc2 Qg4
16.f3 Qh5 17.Bd2 Re7 18.Rae1 Rae8 19.h3 a6 20.f4 Ned7 21.Rxe7 Rxe7 22.Re1 Rxe1
23.Bxe1 Ne8 24.Bf2 Qg6 25.Qxg6 hxg6 26.Kf3 Kf8 27.a4 a5 28.Nb5 Nc5 29.Bxc5 dxc5
30.g4 Ke7 31.g5 Kd7 32.Ke4 Nd6+ 33.Nxd6 cxd6 34.f5 Ke7 35.fxg6 fxg6 36.h4 Kf7
37.Kf4 Kg8 38.Ke3  1/2-1/2

[Event "Helsinki op"]
[Site "Helsinki"]
[Date "1992.??.??"]
[Round "4"]
[White "Levitina, Irina S"]
[Black "Yakovich, Yuri"]
[Result "1-0"]
[WhiteElo "2415"]
[BlackElo "2520"]

1.c4 e5 2.g3 Nf6 3.Bg2 d5 4.cxd5 Nxd5 5.Nc3 Nb6 6.Nf3 Nc6 7.O-O Be7 8.d3 O-O
9.a4 a5 10.Be3 Be6 11.Bxb6 cxb6 12.Rc1 Qd7 13.Nd2 f6 14.Nc4 Bc5 15.Ne4 Qc7
16.e3 Rad8 17.Qe2 Qd7 18.Rfd1 Bg4 19.Bf3 Bxf3 20.Qxf3 f5 21.Nxc5 bxc5 22.Nb6 Qd6
23.Qh5 Kh8 24.Nc4 Qe6 25.Nd2 Rxd3 26.Nf3 Rxd1+ 27.Rxd1 h6 28.Nh4 Kg8 29.Rd2 f4
30.exf4 exf4 31.Qd5 Qxd5 32.Rxd5 fxg3 33.hxg3 b6 34.Rd6 Rf6 35.Rxf6 gxf6
36.Nf5 h5 37.Kg2 Ne5 38.Ne3 Nf7 39.f4  1-0

[Event "Helsinki op"]
[Site "Helsinki"]
[Date "1992.??.??"]
[Round "6"]
[White "Budnikov, Alexandar"]
[Black "Levitina, Irina S"]
[Result "1-0"]
[WhiteElo "2540"]
[BlackElo "2415"]

1.c4 e5 2.g3 d6 3.Bg2 f5 4.Nc3 Nf6 5.d3 c6 6.Nf3 Be7 7.O-O O-O 8.b4 Kh8 9.b5 Qe8
10.a4 Qh5 11.c5 Nbd7 12.cxd6 Bxd6 13.bxc6 bxc6 14.Qc2 Rb8 15.Rd1 Nd5 16.Ba3 Bxa3
17.Rxa3 Nb4 18.Qc1 f4 19.Ne4 Nf6 20.Qc5 Bg4 21.Nxf6 gxf6 22.Rb3 Na6 23.Qd6 Rbd8
24.Qxc6 Nb8 25.Qb7 Qe8 26.Ra1 Rf7 27.Qe4 Nd7 28.Rc3 Nb6 29.Rc5 Bxf3 30.Bxf3 Rd4
31.Qf5 Rxa4 32.Rxa4 Qxa4 33.Rc6 Kg7 34.Be4 Qd1+ 35.Kg2 Qxe2 36.Rd6 fxg3 37.Qxh7+ Kf8  1-0

[Event "Helsinki op"]
[Site "Helsinki"]
[Date "1992.??.??"]
[Round "7"]
[White "Pigusov, Evgeny"]
[Black "Dokhoian, Yury"]
[Result "1-0"]
[WhiteElo "2565"]
[BlackElo "2505"]

1.c4 e5 2.g3 Nf6 3.Bg2 d5 4.cxd5 Nxd5 5.Nc3 Nb6 6.Nf3 Nc6 7.O-O Be7 8.d3 O-O
9.a3 Re8 10.Be3 Bf8 11.Rc1 Nd4 12.Ne4 a5 13.Re1 a4 14.Nxd4 exd4 15.Bg5 f6
16.Bd2 Be6 17.Bb4 Bd5 18.Bxf8 Rxf8 19.Qc2 f5 20.Nd2 Bxg2 21.Kxg2 Qd5+ 22.Nf3 Rf7
23.Qc5 Qxc5 24.Rxc5 Rd8 25.Rb5 g6 26.Rc1 Rd6 27.Kf1 Kg7 28.Rb4 Rfd7 29.Rc5 Kf6
30.h3 h6 31.g4 fxg4 32.hxg4 Kg7 33.Ra5 g5 34.Rc5 Kf8 35.Re5 Kg7 36.Ke1 Kf6
37.Kd1 Kg7 38.Ra5 Kf8 39.Rbb5 Rd8 40.Ra7 Rb8 41.Rb4 Rf6 42.Rxd4 c5 43.Re4 c4
44.dxc4 Rc8 45.Ne5 Rxf2 46.Ng6+ Kg7 47.Rxb7+ Kxg6 48.Rxb6+ Rf6 49.c5 Rxc5
50.Rxf6+ Kxf6 51.Rxa4 h5 52.gxh5 Kf5 53.Ke1 Rc6 54.Kf2 Rh6 55.Kg3 Rxh5 56.Ra5+ Kg6
57.Rb5 Rh4 58.b4 Kh5 59.a4 Rc4 60.a5 Rc3+ 61.Kf2 Ra3 62.Rb6 g4 63.a6 g3+
64.Kg2 Kg4 65.Rc6 Ra2 66.Rc4+ Kf5 67.b5  1-0

[Event "Helsinki op"]
[Site "Helsinki"]
[Date "1992.??.??"]
[Round "9"]
[White "Gulko, Boris F"]
[Black "Kiselev, Sergey"]
[Result "1-0"]
[WhiteElo "2610"]
[BlackElo "2530"]

1.c4 e5 2.g3 f5 3.Bg2 Nf6 4.Nc3 g6 5.d4 e4 6.f3 exf3 7.Nxf3 Bg7 8.O-O O-O
9.b4 d6 10.Qd3 Kh8 11.Bg5 c6 12.e4 Na6 13.b5 cxb5 14.cxb5 Nc7 15.Nh4 Ne6
16.Be3 fxe4 17.Nxe4 Ng4 18.Rxf8+ Qxf8 19.Rf1 Qd8 20.Bd2 d5 21.Nf2 Nxd4 22.Bc3 Qb6
23.Kh1 Nxf2+ 24.Rxf2 Be6 25.a4 Kg8 26.Rf1 Rc8 27.Bd2 Qc5 28.Qe3 Qd6 29.Qd3 Rc4
30.Bf4 Qd7 31.Qd1 Bh3 32.Be3 Bg4 33.Qb1 Rxa4 34.b6 a6 35.Rc1 Ne2 36.Rc7 Qe6
37.Bc5 Ra1 38.Rxg7+ Kxg7 39.Qxa1+ Kh6 40.Bf8+ Kh5 41.Qg7 Kg5 42.Qh6+ Kf6
43.Qg7+ Kg5 44.Be7+  1-0